| 000 | 00669nam a22002057a 4500 | ||
|---|---|---|---|
| 003 | OSt | ||
| 005 | 20251022015712.0 | ||
| 008 | 251022b |||||||| |||| 00| 0 eng d | ||
| 020 | _a 978-1-4987-6624-1 | ||
| 040 |
_aDWCL-Main lib _cOC |
||
| 082 |
_2Second edition _aCirc. 624.193 C449i 2018 |
||
| 100 | _aChampman, David | ||
| 245 |
_aIntroduction to Tunnel Construction/ _cDavid Champman |
||
| 250 | _aSecond edition | ||
| 260 |
_aBoca Raton, London: _bCRC Press , _cc2018 |
||
| 300 |
_axxix, 424 pages : _billustrations _c26cm. |
||
| 504 | _aTunnels-- Design and Construction | ||
| 650 | _a1. Includes index. | ||
| 942 |
_2ddc _cBK-CIRC _eSecond edition _kCirc. _n0 |
||
| 999 |
_c4992 _d4992 |
||